000 01052nas a2200373 4500
001 BR2014001684
003 BR-BrBNA
005 20231205123817.0
007 ta
008 230509b bl.|||p| |||| 00| 00por d
040 _aBR-BrBNA
_bpor
_cBiblioteca Nacional de Agricultura
041 _a(En)
072 _aF62; F40
100 1 _aVenske, E.
100 1 _aSchaedler, C.E.
100 1 _aRosa, M.P. da
100 1 _aBorges, C.T.
100 1 _aAvila, L.A. de
100 1 _aZimmer, P.D.
245 1 _aInitial development of red and cultivated rice in response to light and air temperature
650 _aARROZ
650 _aARROZ VERMELHO
650 _aCRESCIMENTO
650 _aLUZ
650 _aAR
650 _aTEMPERATURA
650 _aRESPOSTA DA PLANTA
650 _aSTRESS
650 _aGERMINAÇÃO
650 _aANÁLISE QUANTITATIVA
773 0 _tJournal of Seed Science (Brazil)
_xISSN 2317-1537
_g(Dez 2013), v. 35(4) p. 510-518
_wBR2014001684
909 _a202311
_bLúcia
_c55
_dLúcia Elande
942 _2AGRIS
_n0
_cANA
999 _c235822
_d235822